000 01338nas a2200361 i 4500
001 526
003 ES-MaACL
005 20250903151239.0
008 950801d18931954sp q|yp | ||pa d
022 _a1697-6762
080 _a7(460)
080 _a902(460)
080 _a94(460)
245 0 0 _aBoletín de la Sociedad Española de Excursiones /
_c[dir. Enrique Serrano Fatigati].
260 _aMadrid :
_b[Sociedad Española de Excursiones,
_c1893-1954] (
_fImp. Avrial)
300 _a53 v. ;
_c29 cm.
310 _aTrimestral
321 _aMensual,
_b1893-1907
362 0 _aAño 1, n. 1 (3 marzo 1893)-año 58, 1./4. trimestre 1954.
530 _aDisponible en formato digital.
650 4 _aInstituciones científicas y diversas
_913829
650 7 _aArte español
_2embne
_910189
651 4 _aEspaña-
_xHistoria.
_98209
651 4 _aEspaña-
_xRestos arqueológicos.
_98485
700 1 _aPolentinos, Aurelio de Colmenares y Orgaz, Conde de.
_992808
700 1 _aSerrano Fatigati, Enrique.
_9132669
710 2 _aSociedad Española de Excursiones.
_96722
852 4 _aES-MaACL
_jHem-208
856 4 _uhttps://bibliotecavirtualmadrid.comunidad.madrid/bvmadrid_publicacion/es/consulta/registro.do?id=7253
_zBiblioteca Digital de Madrid
866 0 _o1893-1907,1909-18,1920-54.
942 _2udc
999 _c526
_d526